Высоцкий: [18+]; [НЕЗАКОННОЕ ПОТРЕБЛЕНИЕ НАРКОТИЧЕСКИХ СРЕДСТВ, ПСИХОТРОПНЫХ ВЕЩЕСТВ, ИХ АНАЛОГОВ ПРИЧИНЯЕТ ВРЕД ЗДОРОВЬЮ, ИХ НЕЗАКОННЫЙ ОБОРОТ ЗАПРЕЩЁН И ВЛЕЧЕТ УСТАНОВЛЕННУЮ ЗАКОНОДАТЕЛЬСТВОМ ОТВЕТСТВЕННОСТЬ]

Podrobná bibliografie
Hlavní autor: Новиков В. И. Владимир Иванович
Jazyk:ruština
Vydáno: Москва, Молодая гвардия, 2003
Edice:Жизнь замечательных людей
Témata:
Médium: MixedMaterials Kniha
KOHA link:https://koha.lib.tpu.ru/cgi-bin/koha/opac-detail.pl?biblionumber=61197

MARC

LEADER 00000nam0a2200000 4500
001 61197
005 20260420140319.0
010 |a 5235025415 
035 |a (RuTPU)RU\TPU\book\64752 
090 |a 61197 
100 |a 20040305d2003 m y0rusy50 ca 
101 0 |a rus 
102 |a RU 
105 |a a z 001ab 
200 1 |a Высоцкий  |e [18+]  |e [НЕЗАКОННОЕ ПОТРЕБЛЕНИЕ НАРКОТИЧЕСКИХ СРЕДСТВ, ПСИХОТРОПНЫХ ВЕЩЕСТВ, ИХ АНАЛОГОВ ПРИЧИНЯЕТ ВРЕД ЗДОРОВЬЮ, ИХ НЕЗАКОННЫЙ ОБОРОТ ЗАПРЕЩЁН И ВЛЕЧЕТ УСТАНОВЛЕННУЮ ЗАКОНОДАТЕЛЬСТВОМ ОТВЕТСТВЕННОСТЬ]  |f В. И. Новиков 
210 |a Москва  |c Молодая гвардия  |d 2003 
215 |a 413 с.  |c ил. 
225 1 |a Жизнь замечательных людей 
320 |a Библиогр.: с. 410-411 
600 1 |a Высоцкий  |g Владимир Семенович  |b В. С.  |c русский поэт, актер, автор и исполнитель песен  |f 1938-1980  |2 stltpui  |3 (RuTPU)RU\TPU\pers\1409 
610 1 |a музыка 
610 1 |a музыканты 
610 1 |a театр 
610 1 |a кино 
610 1 |a актеры 
675 |a 784(092)  |v 3 
675 |a 792.071  |v 3 
700 1 |a Новиков  |b В. И.  |g Владимир Иванович 
801 1 |a RU  |b 63413507  |c 20040305  |g PSBO 
801 2 |a RU  |b 63413507  |c 20041001  |g PSBO 
830 |a *изданиеподлежащеемаркировке 
942 |c BK